Return to diversity

Saved in:
Bibliographic Details
Main Author: Rothschild, Joseph (Author)
Format: Book
Language:Spanish
Published: Nueva York Oxford University Press 1993
Subjects:
Tags: Add Tag
No Tags, Be the first to tag this record!

MARC

LEADER 00000nam a2200000 a 4500
001 UCY6620
003 CL-VaPUC
008 950529e19930000US |||||||||||||||||spa|d
082 0 4 |a 940.5  |b ROT  |2 21 
100 0 |a Rothschild, Joseph  |e author  |9 336656 
245 1 0 |a Return to diversity 
246 1 2 |a A political history of East Central Europe since world war II 
300 |a 299 p 
942 |c BK 
945 |d 19950529 00:00:00  |a rbrito 
260 |a Nueva York  |b Oxford University Press  |c 1993 
650 0 |a Política  |9 255312 
650 7 |a GUERRA MUNDIAL II  |2 CL-VaPUC  |9 336657 
650 0 |a Historia  |9 255047 
650 0 |a Comunismo  |9 255588 
651 7 |a EUROPA DEL ESTE  |2 CL-VaPUC  |9 336649 
651 7 |a EUROPA CENTRAL  |2 CL-VaPUC  |9 313371 
583 |a last modification  |c 19950529 00:00:00  |k Rodrigo Vera 
999 |c 234175  |d 234173 
952 |0 0  |1 0  |4 0  |6 940_500000000000000_ROT_1993  |7 0  |8 A  |9 240216  |a BIBHIS  |b BIBHIS  |d 2019-11-18  |i 3086763  |o 940.5 ROT 1993  |p 3086763  |r 2025-01-20  |w 2019-11-18  |y BK  |k HIS